[Event "63.ITA Provinciale VE"]
[Site "Venezia Canal"]
[Date "2003.01.26"]
[Round "5.8"]
[White "Roberti, Ignazio"]
[Black "Lanzetta, Alberto"]
[Result "1-0"]
[WhiteElo "2031"]
[BlackElo "1458"]
[Annotator "Gabriele Ballarin"]
[PlyCount "41"]
[EventDate "2003.01.24"]
[EventType "swiss"]
[EventRounds "5"]
[EventCountry "ITA"]
[SourceTitle "Inf 22"]

1. e4 e6 2. d4 d5 3. Nc3 Nf6 4. Bg5 Be7 5. e5 Nfd7 6. h4 a6 7. Qg4 Bxg5 8. hxg5 Qe7 9. Nf3 Nc6 10. a3 Nb6 11. g6 fxg6 12. Rxh7 Rxh7 13. Qxg6+ Qf7 14. Qxh7 Bd7 15. Ng5 Qf4 16. Qg6+ Kf8 17. Bd3 Ne7 18. Qh5 Ng8 19. g3 g6 20. Qxg6 Ne7 21. Nh7# 1-0

[Event "63.Camp. Veneto Quarti di Finale"]
[Site "Arquà Petrarca ITA"]
[Date "2003.05.03"]
[Round "1.2"]
[White "Cacco, Christian"]
[Black "Zangrando, Gianpietro"]
[Result "1-0"]
[WhiteElo "2312"]
[BlackElo "1650"]
[Annotator "Gabriele Ballarin"]
[PlyCount "61"]
[EventDate "2003.05.03"]
[EventType "swiss"]
[EventRounds "6"]
[EventCountry "ITA"]

1. d4 Nf6 2. Nf3 c6 3. Bf4 g6 4. Nbd2 Qb6 5. Rb1 d5 6. e3 Bf5 7. Nh4 Be6 8. Bd3 h6 9. Bg3 Bg7 10. O-O Bg4 11. Qc1 e6 12. c4 O-O 13. b4 Qd8 14. h3 Bh5 15. b5 g5 16. Nhf3 Nbd7 17. Bd6 Re8 18. g4 dxc4 19. Nxc4 Nb6 20. Bg3 Nxc4 21. Qxc4 Bg6 22. Bxg6 fxg6 23. bxc6 bxc6 24. Qxc6 Rc8 25. Qb7 Re7 26. Qa6 Ne4 27. Bh2 Kh7 28. Rb7 Rc2 29. Rxe7 Qxe7 30. Qd3 Rxf2 31. Rxf2 1-0

[Event "63.Camp. Veneto Quarti di Finale"]
[Site "Arquà Petrarca ITA"]
[Date "2003.05.03"]
[Round "1.3"]
[White "Velluti, Alberto"]
[Black "Lain, Luigi"]
[Result "0-1"]
[WhiteElo "1646"]
[BlackElo "2256"]
[Annotator "Gabriele Ballarin"]
[PlyCount "98"]
[EventDate "2003.05.03"]
[EventType "swiss"]
[EventRounds "6"]
[EventCountry "ITA"]

1. e4 e5 2. Bc4 Bc5 3. Nf3 Nc6 4. c3 Nf6 5. d3 d5 6. exd5 Nxd5 7. O-O O-O 8. Nbd2 Bb6 9. Ne4 Nde7 10. Bg5 Kh8 11. Qd2 f6 12. Be3 Bxe3 13. fxe3 Na5 14. Bb5 Bd7 15. Bxd7 Qxd7 16. Rad1 Rad8 17. Qf2 b6 18. d4 Qd5 19. Ng3 exd4 20. exd4 Qxa2 21. Rde1 Nd5 22. Nf5 Nc4 23. Ra1 Qxb2 24. Qxb2 Nxb2 25. Rxa7 Nc4 26. Ne1 Ra8 27. Rxa8 Rxa8 28. Nd3 Nxc3 29. Re1 Nd5 30. Ne7 Nce3 31. Nc6 Kg8 32. Re2 Kf7 33. Kf2 Re8 34. Kf3 g5 35. g4 Kf8 36. Nf2 Re6 37. Nd8 Rd6 38. Nb7 Rd7 39. Ne4 Ke7 40. Nc3 Kf7 41. Rxe3 Nxe3 42. Kxe3 c6 43. Ne4 Ke7 44. Nbc5 bxc5 45. Nxc5 Ra7 46. Ke4 Ra2 47. h3 Rh2 48. Kf5 Rxh3 49. Ne4 Rf3# 0-1

[Event "63.Camp. Veneto Quarti di Finale"]
[Site "Arquà Petrarca ITA"]
[Date "2003.05.03"]
[Round "1.4"]
[White "Rossato, Armando"]
[Black "Boscolo, Michele"]
[Result "1-0"]
[WhiteElo "2192"]
[BlackElo "1638"]
[Annotator "Gabriele Ballarin"]
[PlyCount "25"]
[EventDate "2003.05.03"]
[EventType "swiss"]
[EventRounds "6"]
[EventCountry "ITA"]

1. d4 d5 2. e4 dxe4 3. Nc3 Nf6 4. f3 exf3 5. Nxf3 e6 6. Bg5 Be7 7. Bd3 Nbd7 8. O-O O-O 9. Qe1 h6 10. Qh4 Nd5 11. Nxd5 Bxg5 12. Nxg5 exd5 13. Bh7+ 1-0

[Event "63.Camp. Veneto Quarti di Finale"]
[Site "Arquà Petrarca ITA"]
[Date "2003.05.03"]
[Round "1.5"]
[White "Morganti, Lionello"]
[Black "Giuriati, Paolo"]
[Result "0-1"]
[WhiteElo "1636"]
[BlackElo "2160"]
[Annotator "Gabriele Ballarin"]
[PlyCount "68"]
[EventDate "2003.05.03"]
[EventType "swiss"]
[EventRounds "6"]
[EventCountry "ITA"]

1. e4 c6 2. d4 d5 3. Nc3 dxe4 4. Nxe4 Bf5 5. Ng3 Bg6 6. Bc4 Nf6 7. N1e2 e6 8. O-O Bd6 9. Bf4 O-O 10. Bxd6 Qxd6 11. c3 Nbd7 12. Bd3 Rfd8 13. Bxg6 hxg6 14. Qc2 b5 15. Rad1 Nb6 16. Nc1 a5 17. Nd3 Qd5 18. b3 Qd7 19. Nc5 Qc7 20. Nge4 Nbd5 21. Rfe1 Re8 22. g3 e5 23. dxe5 Rxe5 24. Nxf6+ gxf6 25. Nd3 Rxe1+ 26. Rxe1 Qd6 27. Re4 f5 28. Re2 Rd8 29. Nc1 Nf6 30. f3 f4 31. g4 Qd1+ 32. Kg2 Qxc2 33. Rxc2 Nd5 34. Kf2 Ne3 0-1

[Event "63.Camp. Veneto Quarti di Finale"]
[Site "Arquà Petrarca ITA"]
[Date "2003.05.03"]
[Round "1.6"]
[White "Navarro, Emanuele"]
[Black "Angelini, Francesco"]
[Result "1-0"]
[WhiteElo "2145"]
[BlackElo "1630"]
[Annotator "Gabriele Ballarin"]
[PlyCount "61"]
[EventDate "2003.05.03"]
[EventType "swiss"]
[EventRounds "6"]
[EventCountry "ITA"]

1. d4 f5 2. g3 Nf6 3. Nc3 e6 4. Bg2 d5 5. Bf4 c6 6. Qd2 Be7 7. h4 Nbd7 8. Nh3 Nb6 9. b3 Bb4 10. f3 Nc4 11. Qd3 Nb2 12. Qe3 Qa5 13. Kd2 c5 14. Be5 O-O 15. a3 Bxa3 16. Rhb1 Qb4 17. dxc5 Rd8 18. Qd4 Nd7 19. Qxb4 Bxb4 20. Bc7 d4 21. Bxd8 dxc3+ 22. Ke1 Nxc5 23. Ba5 Bxa5 24. Rxa5 b6 25. f4 Bb7 26. Rxc5 bxc5 27. Bxb7 Rd8 28. Nf2 Rd2 29. Rc1 c4 30. bxc4 Nxc4 31. Nd1 1-0

[Event "63.Camp. Veneto Quarti di Finale"]
[Site "Arquà Petrarca ITA"]
[Date "2003.05.03"]
[Round "1.7"]
[White "Fracasso Pezzolato, Michele"]
[Black "Fregonese, Giulio"]
[Result "0-1"]
[WhiteElo "1630"]
[BlackElo "2136"]
[Annotator "Gabriele Ballarin"]
[PlyCount "56"]
[EventDate "2003.05.03"]
[EventType "swiss"]
[EventRounds "6"]
[EventCountry "ITA"]

1. e4 e5 2. Nf3 Nc6 3. d4 exd4 4. Nxd4 Nf6 5. Nxc6 bxc6 6. Nc3 Bb4 7. Bd3 d5 8. O-O Bxc3 9. bxc3 dxe4 10. Re1 O-O 11. Bc4 Qe7 12. Bg5 Bf5 13. f3 Rad8 14. Qe2 Rfe8 15. fxe4 Qxe4 16. Qxe4 Bxe4 17. Re2 Bd5 18. Bd3 Rxe2 19. Bxe2 Re8 20. Bd3 Ng4 21. c4 Be6 22. Bf4 Bxc4 23. Bxc4 Re4 24. Rb1 Kf8 25. Bg5 f6 26. Rb8+ Ke7 27. Bxf6+ gxf6 28. Rh8 Rxc4 0-1

[Event "63.Camp. Veneto Quarti di Finale"]
[Site "Arquà Petrarca ITA"]
[Date "2003.05.03"]
[Round "1.8"]
[White "Danieli, Enrico"]
[Black "Pomaro, Stefano"]
[Result "1-0"]
[WhiteElo "2120"]
[BlackElo "1626"]
[Annotator "Gabriele Ballarin"]
[PlyCount "39"]
[EventDate "2003.05.03"]
[EventType "swiss"]
[EventRounds "6"]
[EventCountry "ITA"]

1. Nf3 d5 2. d4 Nf6 3. c4 e6 4. Nc3 c5 5. e3 Nc6 6. Bd3 Be7 7. O-O O-O 8. b3 b6 9. Bb2 dxc4 10. bxc4 cxd4 11. exd4 Bb7 12. Qe2 Rc8 13. Rad1 Qc7 14. d5 exd5 15. cxd5 Nb4 16. Nb5 Qd8 17. d6 Bxd6 18. Nxd6 Bxf3 19. Qxf3 Rc6 20. Nf5 1-0

[Event "63.Camp. Veneto Quarti di Finale"]
[Site "Arquà Petrarca ITA"]
[Date "2003.05.03"]
[Round "1.9"]
[White "Stiz, Massimiliano"]
[Black "Pechy, Alaster"]
[Result "0-1"]
[WhiteElo "1621"]
[BlackElo "2115"]
[Annotator "Gabriele Ballarin"]
[PlyCount "97"]
[EventDate "2003.05.03"]
[EventType "swiss"]
[EventRounds "6"]
[EventCountry "ITA"]

1. e4 c5 2. Nf3 Nc6 3. Bb5 a6 4. Bxc6 dxc6 5. h3 g6 6. d3 Bg7 7. O-O Qc7 8. Nc3 h6 9. Be3 b6 10. d4 cxd4 11. Bxd4 e5 12. Be3 Be6 13. Qe2 Nf6 14. Rad1 O-O 15. Nd2 Nh5 16. Na4 Nf4 17. Qf3 Rab8 18. Rfe1 Kh7 19. b3 a5 20. Nf1 Rg8 21. Rd2 Bf8 22. Red1 Bb4 23. c3 Be7 24. Ng3 Rg7 25. Ne2 Nxe2+ 26. Qxe2 f5 27. f3 f4 28. Bf2 g5 29. Kh2 h5 30. g4 fxg3+ 31. Bxg3 g4 32. hxg4 hxg4 33. Kg2 gxf3+ 34. Qxf3 Bg4 35. Rh1+ Kg8 36. Qe3 Bg5 37. Qd3 Rd8 38. Qc4+ Qf7 39. Qxf7+ Rxf7 40. Rxd8+ Bxd8 41. Re1 Bc7 42. Nb2 Rf3 43. Nc4 Rxc3 44. Bxe5 Bxe5 45. Nxe5 Rc2+ 46. Kg3 Be6 47. Kf3 Rxa2 48. Nxc6 Bxb3 49. Rb1 0-1

[Event "63.Camp. Veneto Quarti di Finale"]
[Site "Arquà Petrarca ITA"]
[Date "2003.05.03"]
[Round "1.10"]
[White "Battiston, Gianfranco"]
[Black "Renier, Renzo"]
[Result "1/2-1/2"]
[WhiteElo "1564"]
[BlackElo "1845"]
[Annotator "Gabriele Ballarin"]
[PlyCount "106"]
[EventDate "2003.05.03"]
[EventType "swiss"]
[EventRounds "6"]
[EventCountry "ITA"]
[TimeControl "40/7200:0/0:0/0"]

{590MB, Fritz11.ctg, PC-PC} 1. e4 e5 2. Nf3 Nc6 3. Bb5 a6 4. Ba4 Nf6 5. O-O Be7 6. d3 d6 7. h3 O-O 8. Be3 b5 9. Bb3 Na5 10. Nc3 Bb7 11. Ne2 c5 12. c3 Qc7 13. Ng3 g6 14. Bh6 Rfd8 15. Bc2 Bf8 16. Qc1 Bg7 17. Qg5 Ne8 18. Bxg7 Nxg7 19. h4 Ne6 20. Qf6 Re8 21. Ng5 h6 22. Nxe6 Rxe6 23. Qf3 f5 24. Rac1 f4 25. b4 fxg3 26. bxa5 Rf8 27. Qxg3 Ref6 28. d4 Kg7 29. dxe5 dxe5 30. Rcd1 Rf4 31. f3 R8f7 32. Qh3 Bc8 33. Qg3 Be6 34. a3 Rd7 35. Rxd7+ Qxd7 36. Rd1 Qc7 37. Qf2 Rf7 38. Qe3 Rd7 39. Rxd7+ Bxd7 40. Qd2 Be6 41. Qd3 Qd7 42. Qxd7+ Bxd7 43. Kf2 Be6 44. f4 Kf6 45. Bd1 Bf7 46. Ke3 Ba2 47. fxe5+ Kxe5 48. Bf3 Bb3 49. g3 Ba2 50. Bg2 Bb1 51. Bf3 Bc2 52. Bg2 g5 53. hxg5 hxg5 1/2-1/2

[Event "63.Camp. Veneto Quarti di Finale"]
[Site "Arquà Petrarca ITA"]
[Date "2003.05.03"]
[Round "1.10"]
[White "Navarro, Stefano"]
[Black "Canazza, Alessandro"]
[Result "1-0"]
[WhiteElo "2115"]
[BlackElo "1615"]
[Annotator "Gabriele Ballarin"]
[PlyCount "125"]
[EventDate "2003.05.03"]
[EventType "swiss"]
[EventRounds "6"]
[EventCountry "ITA"]

1. e4 Nf6 2. e5 Nd5 3. d4 d6 4. c4 Nb6 5. exd6 cxd6 6. Nc3 Bf5 7. Nf3 e6 8. Be2 Be7 9. O-O O-O 10. Be3 Bg4 11. h3 Bh5 12. b3 d5 13. c5 Nc8 14. b4 Nd7 15. Qd2 Bf6 16. Rac1 a6 17. a4 Na7 18. b5 Qa5 19. Nxd5 Qxa4 20. Ra1 Qb3 21. Nc7 Bg6 22. Rfc1 Rac8 23. Bc4 Nxc5 24. Bxb3 Nxb3 25. Qb2 Nxa1 26. Qxa1 Nxb5 27. Nxb5 axb5 28. Rxc8 Rxc8 29. Bg5 Bxg5 30. Nxg5 h6 31. Nf3 Be4 32. Ne5 f6 33. Nd7 Bd5 34. Qb2 Bc6 35. Nc5 Kf7 36. Kh2 b6 37. Nd3 Ra8 38. Nb4 Be8 39. Qb3 Rd8 40. d5 exd5 41. Nxd5 Kf8 42. Qb4+ Kg8 43. Ne7+ Kh8 44. Nf5 Bg6 45. Qe7 Rg8 46. Nd4 Re8 47. Qd7 Kh7 48. f4 b4 49. f5 Re3 50. fxg6+ Kxg6 51. Qf5+ Kf7 52. Nc2 Re5 53. Qd7+ Kg8 54. Nxb4 b5 55. Nc6 Rg5 56. Nd8 b4 57. Ne6 Rg6 58. Qe8+ Kh7 59. Nf8+ Kg8 60. Nxg6+ Kh7 61. Nf8+ Kg8 62. Ng6+ Kh7 63. Qf7 1-0

[Event "63.Camp. Veneto Quarti di Finale"]
[Site "Arquà Petrarca ITA"]
[Date "2003.05.03"]
[Round "1.11"]
[White "Cipolotti, Piersilvio"]
[Black "Solinas, Carlo"]
[Result "0-1"]
[WhiteElo "1612"]
[BlackElo "2089"]
[Annotator "Gabriele Ballarin"]
[PlyCount "48"]
[EventDate "2003.05.03"]
[EventType "swiss"]
[EventRounds "6"]
[EventCountry "ITA"]

1. Nf3 f5 2. g3 Nf6 3. Bg2 e6 4. O-O Be7 5. d3 O-O 6. Nbd2 d5 7. Qe1 Nc6 8. a3 e5 9. e4 fxe4 10. dxe4 d4 11. h4 Ng4 12. Bh3 Be6 13. Kg2 Qd7 14. Rh1 d3 15. Bxg4 Bxg4 16. cxd3 Bc5 17. b4 Bxf2 18. Qxf2 Nd4 19. Rd1 Nxf3 20. Nxf3 Bxf3+ 21. Qxf3 Rxf3 22. Kxf3 Qh3 23. Rg1 Rf8+ 24. Ke3 Qh2 0-1

[Event "63.Camp. Veneto Quarti di Finale"]
[Site "Arquà Petrarca ITA"]
[Date "2003.05.03"]
[Round "1.12"]
[White "Rigo, Gianfrancesco"]
[Black "Bdair, Bilal"]
[Result "0-1"]
[WhiteElo "2055"]
[BlackElo "1600"]
[Annotator "Gabriele Ballarin"]
[PlyCount "94"]
[EventDate "2003.05.03"]
[EventType "swiss"]
[EventRounds "6"]
[EventCountry "ITA"]

1. e4 e6 2. d3 d5 3. Nd2 Nf6 4. Ngf3 b6 5. g3 Bb7 6. Bg2 Be7 7. O-O O-O 8. Re1 Na6 9. e5 Nd7 10. Nf1 c5 11. h4 h6 12. N1h2 Re8 13. Bf4 d4 14. Qd2 Bf8 15. h5 Nb4 16. g4 Nd5 17. Bg3 Be7 18. c3 dxc3 19. bxc3 Rb8 20. c4 Nb4 21. Bf4 Bg5 22. Nxg5 hxg5 23. Bxg5 f6 24. exf6 gxf6 25. Bh4 Bxg2 26. Kxg2 Qe7 27. Nf3 Qh7 28. Rad1 Rbd8 29. a3 Nc6 30. Qf4 e5 31. Qe4 Qxe4 32. dxe4 Nd4 33. Re3 Re7 34. Kh3 Rf7 35. Rg1 Rdf8 36. g5 fxg5 37. Nxg5 Rg7 38. Reg3 Rxf2 39. h6 Rg6 40. h7+ Kh8 41. Nf7+ Rxf7 42. Rxg6 Rf3+ 43. Kh2 Rf7 44. R1g3 Ne2 45. R3g4 Nd4 46. Rh6 Rxh7 47. Rxh7+ Kxh7 {Nur} 0-1

[Event "63.Camp. Veneto Quarti di Finale"]
[Site "Arquà Petrarca ITA"]
[Date "2003.05.03"]
[Round "1.13"]
[White "Casciello, Dimitri"]
[Black "Cecchetto, Vanni"]
[Result "1-0"]
[WhiteElo "1600"]
[BlackElo "2051"]
[Annotator "Gabriele Ballarin"]
[PlyCount "125"]
[EventDate "2003.05.03"]
[EventType "swiss"]
[EventRounds "6"]
[EventCountry "ITA"]

1. e4 c5 2. Nf3 e6 3. d4 cxd4 4. Nxd4 a6 5. c4 Qc7 6. Nc3 Nf6 7. Be2 d6 8. O-O Be7 9. Be3 O-O 10. Rc1 Nbd7 11. f4 b6 12. Bf3 Bb7 13. Qd3 Rac8 14. b3 Nc5 15. Qb1 Rfe8 16. Kh1 e5 17. fxe5 dxe5 18. Nf5 Bf8 19. Nd5 Bxd5 20. cxd5 Qb7 21. Rfd1 Ncd7 22. b4 b5 23. Qb3 Nb6 24. Bc5 Nc4 25. Bxf8 Kxf8 26. Ne3 Nd2 27. Qd3 Nxf3 28. gxf3 Qd7 29. Nf5 g6 30. Qe3 Ng8 31. Nh6 Rc4 32. Rxc4 bxc4 33. Qc5+ Kg7 34. Nxg8 Rc8 35. Qe7 Qh3 36. Qxe5+ Kxg8 37. Qf4 c3 38. d6 c2 39. Rc1 Rc3 40. Qg4 Qh6 41. f4 Qf8 42. e5 Qa8+ 43. Qg2 Qc8 44. Qd5 Qd7 45. a4 Rc8 46. b5 axb5 47. axb5 Rb8 48. Rxc2 Rxb5 49. Qa8+ Kg7 50. Qc8 Rb1+ 51. Kg2 Qb5 52. Qc4 Qd7 53. h3 Qa7 54. Qc5 Qb7+ 55. Qc6 Qa7 56. Rf2 Rb6 57. Qd5 Qd7 58. Qe4 Rb3 59. f5 f6 60. exf6+ Kxf6 61. fxg6+ Kg5 62. Qe7+ Qxe7 63. dxe7 1-0

[Event "63.Camp. Veneto Quarti di Finale"]
[Site "Arquà Petrarca ITA"]
[Date "2003.05.03"]
[Round "1.14"]
[White "Giuriato, Sergio"]
[Black "Fabiano, Manuel"]
[Result "1-0"]
[WhiteElo "2023"]
[BlackElo "1600"]
[Annotator "Gabriele Ballarin"]
[PlyCount "65"]
[EventDate "2003.05.03"]
[EventType "swiss"]
[EventRounds "6"]
[EventCountry "ITA"]

1. d4 e6 2. c4 f5 3. g3 Nf6 4. Bg2 Be7 5. Nf3 O-O 6. O-O d5 7. Nc3 c6 8. Qc2 Bd7 9. Ne5 Ne4 10. f3 Ng5 11. e4 fxe4 12. fxe4 Rxf1+ 13. Kxf1 c5 14. exd5 cxd4 15. Ne4 exd5 16. Nxg5 Bxg5 17. Bxd5+ Kf8 18. Qf2+ Bf6 19. Bxb7 Bh3+ 20. Kg1 Nd7 21. Nxd7+ Bxd7 22. Bxa8 Qxa8 23. Bg5 Kg8 24. Bxf6 gxf6 25. Qxf6 d3 26. Rd1 Bh3 27. Qg5+ Kh8 28. Qe5+ Kg8 29. Qd5+ Qxd5 30. cxd5 Bf5 31. Kf2 Kf7 32. Ke3 Ke7 33. Rxd3 1-0

[Event "63.Camp. Veneto Quarti di Finale"]
[Site "Arquà Petrarca ITA"]
[Date "2003.05.03"]
[Round "1.15"]
[White "Quaranta, Gaetano"]
[Black "Roberti, Ignazio"]
[Result "1/2-1/2"]
[WhiteElo "1597"]
[BlackElo "2001"]
[Annotator "Gabriele Ballarin"]
[PlyCount "201"]
[EventDate "2003.05.03"]
[EventType "swiss"]
[EventRounds "6"]
[EventCountry "ITA"]

1. e4 c5 2. d4 cxd4 3. c3 Nf6 4. e5 Nd5 5. cxd4 e6 6. Nf3 Nc6 7. Bc4 Nb6 8. Bb3 d5 9. O-O Be7 10. Nc3 a6 11. Bf4 O-O 12. Rc1 Nc4 13. Bxc4 dxc4 14. a4 Nb4 15. Ne1 Nd5 16. Nxd5 exd5 17. Nf3 Bg4 18. h3 Bh5 19. b3 b5 20. axb5 axb5 21. bxc4 bxc4 22. g4 Bg6 23. Qd2 Ra3 24. Be3 Be4 25. Ng5 Rd3 26. Nxe4 Rxd2 27. Nxd2 Bb4 28. Nf3 Qd7 29. Rb1 Qa4 30. Ra1 Qc2 31. Rac1 Qe4 32. Ng5 Qd3 33. Rb1 Ba3 34. Rfd1 Qg6 35. Ra1 Bb2 36. Ra5 Qc6 37. Rc5 Qa4 38. Rf1 Rd8 39. e6 fxe6 40. Nxe6 Re8 41. Nc7 Rc8 42. Nxd5 Rxc5 43. dxc5 c3 44. c6 Kf7 45. c7 Qc6 46. Bf4 c2 47. Nb6 c1=Q 48. Rxc1 Bxc1 49. c8=Q Qxc8 50. Nxc8 Bxf4 51. Nb6 Ke6 {=} 52. Kg2 g6 53. Kf3 Bb8 54. Nc4 Ba7 55. Ke2 Kd5 56. Nd2 Ke5 57. Kf3 Kd4 58. Ne4 h6 59. Nd6 Bc5 60. Nf7 Bf8 61. Nh8 g5 62. Ng6 Bd6 63. h4 Kd3 64. hxg5 hxg5 65. Nh8 Bf4 66. Nf7 Kd4 67. Nd8 Kd5 68. Ke2 Kd6 69. Kd3 Kd7 70. Nf7 Ke6 71. Nh6 Ke5 72. f3 Bc1 73. Nf5 Kf4 74. Ke2 Bb2 75. Ne3 Bg7 76. Ng2+ Ke5 77. Kd3 Bf8 78. Ne3 Bc5 79. Nf5 Kf4 80. Ke2 Bb6 81. Ng7 Be3 82. Ne6+ Ke5 83. Nxg5 Bc1 84. Ne4 Kf4 85. g5 Kf5 86. Kf2 Bxg5 87. Nxg5 Kxg5 88. Ke3 Kf6 89. Ke4 Ke6 90. f4 Ke7 91. f5 Kf6 92. Kf4 Kf7 93. Kg5 Kg7 94. f6+ Kf7 95. Kf5 Kf8 96. Ke6 Ke8 97. Kf5 Kf7 98. Ke5 Kf8 99. Ke6 Ke8 100. f7+ Kf8 101. Kf6 1/2-1/2

[Event "63.Camp. Veneto Quarti di Finale"]
[Site "Arquà Petrarca ITA"]
[Date "2003.05.03"]
[Round "1.16"]
[White "Tiengo, Davide"]
[Black "Ballarin, Gabriele"]
[Result "1-0"]
[WhiteElo "1958"]
[BlackElo "1582"]
[Annotator "Gabriele Ballarin"]
[PlyCount "77"]
[EventDate "2003.05.03"]
[EventType "swiss"]
[EventRounds "6"]
[EventCountry "ITA"]
[SourceTitle "Inf 22"]

1. d4 e6 2. c4 Nf6 3. Nf3 b6 4. a3 Bb7 5. Nc3 d5 6. cxd5 exd5 7. Bg5 Be7 8. Qa4+ c6 9. Qc2 O-O 10. e3 Re8 11. Bd3 Nbd7 12. O-O-O Rc8 13. Kb1 c5 14. h4 cxd4 15. exd4 Nf8 16. Bb5 Bc6 17. Ba6 Rc7 18. Ne5 Ba8 19. Bb5 N6d7 20. Qf5 f6 21. Bxd7 g6 22. Qh3 fxe5 23. Bxe8 Bxg5 24. hxg5 Qxe8 25. dxe5 Qxe5 26. Qg4 Rxc3 27. bxc3 Qxc3 28. Qb4 Qxb4+ 29. axb4 Ne6 30. Rhe1 Kf7 31. Re5 d4 32. Rde1 Ng7 33. Re7+ Kf8 34. Rxa7 Bxg2 35. Rc1 d3 36. Rc8+ Ne8 37. Rxh7 Be4 38. Kc1 Bf5 39. Rh8+ 1-0

[Event "63.Camp. Veneto Quarti di Finale"]
[Site "Arquà Petrarca ITA"]
[Date "2003.05.03"]
[Round "1.17"]
[White "De Nard, Stefano"]
[Black "Quaranta, Cristiano"]
[Result "0-1"]
[WhiteElo "1569"]
[BlackElo "1858"]
[Annotator "Gabriele Ballarin"]
[PlyCount "90"]
[EventDate "2003.05.03"]
[EventType "swiss"]
[EventRounds "6"]
[EventCountry "ITA"]

1. e4 c5 2. Nc3 Nc6 3. f4 e6 4. Nf3 g6 5. Bc4 Bg7 6. O-O Nge7 7. d3 O-O 8. Qe1 Nd4 9. Nxd4 cxd4 10. Ne2 d5 11. exd5 Nxd5 12. c3 dxc3 13. bxc3 b5 14. Bb3 Nxc3 15. Nxc3 Qd4+ 16. Be3 Qxc3 17. Qxc3 Bxc3 18. Rac1 b4 19. Bc5 Rd8 20. Rfd1 a5 21. Bc4 Ba6 22. Bb6 Bd4+ 23. Bxd4 Rxd4 24. Bxa6 Rxa6 25. g3 a4 26. Kf2 b3 27. axb3 axb3 28. Ke3 Rb4 29. Rb1 Ra2 30. Rd2 b2 31. d4 Rb3+ 32. Rd3 Ra1 33. Rxb3 Rxb1 34. Kd2 Rh1 35. Rxb2 Rxh2+ 36. Kc3 Rxb2 37. Kxb2 Kg7 38. Kc3 Kf6 39. g4 h5 40. gxh5 gxh5 41. Kd3 Kf5 42. Ke3 h4 43. Kf3 f6 44. Ke3 h3 45. Kf3 h2 0-1

[Event "63.Camp. Veneto Quarti di Finale"]
[Site "Arquà Petrarca ITA"]
[Date "2018.09.19"]
[Round "1.18"]
[White "Rossi, Damiano"]
[Black "Sanavio, Giancarlo"]
[Result "1/2-1/2"]
[WhiteElo "1849"]
[BlackElo "1564"]
[Annotator "Gabriele Ballarin"]
[PlyCount "122"]
[EventDate "2003.05.03"]
[EventType "swiss"]
[EventRounds "6"]
[EventCountry "ITA"]

1. d4 d5 2. c4 c6 3. Nc3 e6 4. Nf3 Nf6 5. e3 Nbd7 6. Qc2 dxc4 7. Bxc4 c5 8. O-O cxd4 9. exd4 Nb6 10. Bd3 Bd7 11. Ne5 Rc8 12. Bg5 Be7 13. Rac1 h6 14. Bxf6 Bxf6 15. Nxd7 Nxd7 16. Qa4 a6 17. Ne4 O-O 18. Nd6 Rxc1 19. Rxc1 Nb6 20. Qa3 Bxd4 21. Nxb7 Qf6 22. Rf1 Nd5 23. Bh7+ Kxh7 24. Qxf8 Ne3 25. Qd8 Qf4 26. Qd6 Qxd6 27. Nxd6 Nxf1 28. Kxf1 Bxb2 29. Nxf7 Kg6 30. Nd6 Be5 31. Ne4 Kf5 32. Nc5 a5 33. h3 Bd4 34. g4+ Ke5 35. Nd3+ Ke4 36. Ke2 e5 37. Ne1 Kd5 38. Nc2 Bc5 39. Ne3+ Kd4 40. Nf5+ Kc3 41. Nxg7 Kb2 42. Nf5 Bf8 43. Ne3 Kxa2 44. Nc4 a4 45. Nxe5 a3 46. Nc4 Kb3 47. Nxa3 Kxa3 48. Kd3 Bd6 49. Ke4 Kb4 50. f4 Kc5 51. g5 hxg5 52. fxg5 Bf8 53. Ke5 Bg7+ 54. Kf5 Kd6 55. Kg6 Bd4 56. Kf5 Ke7 57. h4 Kf7 58. h5 Kg7 59. Ke6 Be3 60. g6 Kf8 61. Kf6 Bh6 1/2-1/2

[Event "63.Camp. Veneto Quarti di Finale"]
[Site "Arquà Petrarca ITA"]
[Date "2003.05.03"]
[Round "1.20"]
[White "Baracchi, Filippo"]
[Black "Navarro, Tommaso"]
[Result "1-0"]
[WhiteElo "1801"]
[BlackElo "1552"]
[Annotator "Gabriele Ballarin"]
[PlyCount "95"]
[EventDate "2003.05.03"]
[EventType "swiss"]
[EventRounds "6"]
[EventCountry "ITA"]
[SourceTitle "Inf 22"]

1. e4 e5 2. Nc3 Nf6 3. f4 d6 4. Nf3 Nc6 5. Bb5 exf4 6. d3 Bd7 7. O-O Be7 8. Bxf4 O-O 9. Qd2 Re8 10. Rae1 Nb8 11. Bc4 c6 12. Ng5 Rf8 13. e5 dxe5 14. Bxe5 Be8 15. Nce4 Nbd7 16. Bd6 Nxe4 17. Nxe4 Bxd6 18. Nxd6 Nf6 19. Qf4 Qb6+ 20. Kh1 Rd8 21. Rxe8 Rdxe8 22. Bxf7+ Rxf7 23. Nxe8 Qxb2 24. Nd6 Re7 25. Ne4 Qe5 26. Qf2 b6 27. Kg1 Rf7 28. g4 Qd5 29. Qf4 h6 30. Nxf6+ Rxf6 31. Qb8+ Kh7 32. Rxf6 gxf6 33. Qxa7+ Kg6 34. Qxb6 c5 35. Qb3 Qd4+ 36. Kh1 Kg5 37. Qc4 Qf2 38. Qd5+ Kxg4 39. Qg2+ Qxg2+ 40. Kxg2 Kf4 41. a4 Ke5 42. Kf3 h5 43. h4 Kd5 44. Kf4 c4 45. dxc4+ Kxc4 46. c3 Kc5 47. Kf5 Kb6 48. c4 1-0

[Event "63.Camp. Veneto Quarti di Finale"]
[Site "Arquà Petrarca ITA"]
[Date "2003.05.03"]
[Round "1.21"]
[White "Vaglio, Alessandro"]
[Black "Valentini, Luca"]
[Result "0-1"]
[WhiteElo "1539"]
[BlackElo "1800"]
[Annotator "Gabriele Ballarin"]
[PlyCount "53"]
[EventDate "2003.05.03"]
[EventType "swiss"]
[EventRounds "6"]
[EventCountry "ITA"]

1. e4 c5 2. Nf3 d6 3. d4 cxd4 4. Nxd4 Nf6 5. Nc3 a6 6. Be3 e6 7. Be2 b5 8. Qd2 b4 9. Na4 Qa5 10. b3 Nxe4 11. Qd3 Nc5 12. Nxc5 dxc5 13. Bf3 Ra7 14. Bf4 Rd7 15. Nc6 Qb6 16. Qe4 Bb7 17. Bxb8 Bxc6 18. Qxc6 Qxb8 19. Qxa6 Qe5+ 20. Be4 Qxe4+ 21. Kf1 Be7 22. Re1 Qd5 23. h4 O-O 24. Rh3 Ra8 25. Qe2 Rxa2 26. h5 Qf5 27. Qe3 0-1

[Event "63.Camp. Veneto Quarti di Finale"]
[Site "Arquà Petrarca ITA"]
[Date "2003.05.03"]
[Round "1.22"]
[White "Ribon, Andrea"]
[Black "Zambon, Roberto"]
[Result "1-0"]
[WhiteElo "1791"]
[BlackElo "1537"]
[Annotator "Gabriele Ballarin"]
[PlyCount "79"]
[EventDate "2003.05.03"]
[EventType "swiss"]
[EventRounds "6"]
[EventCountry "ITA"]

1. c4 c5 2. Nc3 Nc6 3. Nf3 Nf6 4. g3 e6 5. Bg2 Be7 6. d4 d5 7. cxd5 exd5 8. O-O O-O 9. e3 h6 10. b3 Bf5 11. Bb2 Rc8 12. Nh4 Be6 13. Ne2 b6 14. Rc1 Qd7 15. Nf3 cxd4 16. Nfxd4 Ne4 17. f3 Nf6 18. Qd2 Bb4 19. Qd1 Be7 20. a3 Rfd8 21. Qd2 Nxd4 22. Nxd4 Rxc1 23. Rxc1 Rc8 24. Bf1 Qb7 25. Bd3 Rxc1+ 26. Qxc1 Nd7 27. Bb1 Nf6 28. Nc6 Qd7 29. Qc2 g6 30. Nxe7+ Qxe7 31. Qc3 Kg7 32. h4 g5 33. hxg5 hxg5 34. Qe5 Kh6 35. Qxf6+ Qxf6 36. Bxf6 a6 37. b4 b5 38. Kf2 g4 39. f4 Bd7 40. Ke2 1-0

[Event "63.Camp. Veneto Quarti di Finale"]
[Site "Arquà Petrarca ITA"]
[Date "2003.05.03"]
[Round "1.23"]
[White "Menin, Massimo"]
[Black "Guclu, Yaman"]
[Result "0-1"]
[WhiteElo "1534"]
[BlackElo "1771"]
[Annotator "Gabriele Ballarin"]
[PlyCount "42"]
[EventDate "2003.05.03"]
[EventType "swiss"]
[EventRounds "6"]
[EventCountry "ITA"]

1. Nf3 Nf6 2. c4 g6 3. g3 Bg7 4. Bg2 d6 5. d4 O-O 6. O-O Nbd7 7. Nc3 e5 8. e3 Re8 9. b3 Nh5 10. g4 Nhf6 11. h3 h5 12. g5 Nh7 13. h4 f6 14. dxe5 fxg5 15. hxg5 Nxg5 16. Bb2 Nxf3+ 17. Qxf3 Nxe5 18. Qd5+ Be6 19. Qxb7 Rb8 20. Qe4 c6 21. Rab1 Bf5 0-1